<?xml version="1.0" encoding="UTF-8"?>
<collection xmlns="http://www.loc.gov/MARC21/slim">
 <record>
  <leader>01103cam a2200241 7i4500</leader>
  <controlfield tag="001">0000144573</controlfield>
  <controlfield tag="005">20141008090000.0</controlfield>
  <controlfield tag="002">  0000009681</controlfield>
  <controlfield tag="008">140907s2014    my                  eng   </controlfield>
  <datafield tag="090" ind1="0" ind2="0">
   <subfield code="a">QA 278.2 </subfield>
   <subfield code="b">.T4 2014</subfield>
  </datafield>
  <datafield tag="100" ind1="0" ind2="#">
   <subfield code="a">Tengku Nurhanis Tengku Adli </subfield>
  </datafield>
  <datafield tag="245" ind1="1" ind2="0">
   <subfield code="a">Perbandingan di antara model regresi logistik dan model rangkaian neural terhadap obesiti : </subfield>
   <subfield code="b">kajian kes pesakit kencing manis jenis kedua  </subfield>
   <subfield code="c">Tengku Nurhanis Tengku Adli.</subfield>
  </datafield>
  <datafield tag="260" ind1="#" ind2="#">
   <subfield code="a">Terengganu: </subfield>
   <subfield code="b">Universiti Malaysia Terengganu, </subfield>
   <subfield code="c">2014.</subfield>
  </datafield>
  <datafield tag="300" ind1=" " ind2=" ">
   <subfield code="a">xviii, 199 p.: </subfield>
   <subfield code="b">ill.; </subfield>
   <subfield code="c">30 cm..</subfield>
  </datafield>
  <datafield tag="500" ind1="#" ind2="#">
   <subfield code="a">PPIMG adalah singkatan bagi Pusat Pengajian Informatik dan Matematik Gunaan</subfield>
  </datafield>
  <datafield tag="502" ind1="#" ind2="#">
   <subfield code="a">Tesis PPIMG (Ijazah Sarjana Sains) 2014</subfield>
  </datafield>
  <datafield tag="520" ind1="3" ind2="#">
   <subfield code="a">Data primer dikumpulkan daripada klinik kencing manis di HUSM, Kota Bharu (KB), Kelantan</subfield>
  </datafield>
  <datafield tag="602" ind1="#" ind2="#">
   <subfield code="a">Tesis PPIMG 2014</subfield>
  </datafield>
  <datafield tag="650" ind1="0" ind2="0">
   <subfield code="a">Regression analysis </subfield>
  </datafield>
  <datafield tag="650" ind1="0" ind2="0">
   <subfield code="a">Logistic regression analysis </subfield>
  </datafield>
  <datafield tag="999" ind1=" " ind2=" ">
   <subfield code="a">1100091939</subfield>
   <subfield code="b">CD-ROM</subfield>
   <subfield code="c">Tesis</subfield>
   <subfield code="e">BILIK BAHAN SUMBER MEDIA</subfield>
  </datafield>
  <datafield tag="999" ind1=" " ind2=" ">
   <subfield code="a">1100091940</subfield>
   <subfield code="b">CD-ROM</subfield>
   <subfield code="c">Tesis</subfield>
   <subfield code="e">BILIK BAHAN SUMBER MEDIA</subfield>
  </datafield>
  <datafield tag="999" ind1=" " ind2=" ">
   <subfield code="a">1100091938</subfield>
   <subfield code="b">Book</subfield>
   <subfield code="c">Tesis</subfield>
   <subfield code="e">KOLEKSI KHAS</subfield>
  </datafield>
 </record>
</collection>
